Nourritures Orthographe (Singulier) - Statistiques

Statistiques générales
  • Ce quiz a été pris 396 fois
  • Le résultat moyen est 43 sur 45
Statistiques - réponses
Question Tuile Select % Correct
Clique sur la bonne orthographe ! Soccisse Non
100%
Clique sur la bonne orthographe ! Franboises Non
99%
Clique sur la bonne orthographe ! Salad Non
99%
Clique sur la bonne orthographe ! Saladdes Non
99%
Clique sur la bonne orthographe ! Salladde Non
99%
Clique sur la bonne orthographe ! Sallade Non
99%
Clique sur la bonne orthographe ! Sallades Non
99%
Clique sur la bonne orthographe ! Saucises Non
99%
Clique sur la bonne orthographe ! Socisse Non
99%
Clique sur la bonne orthographe ! Bonbbon Non
98%
Clique sur la bonne orthographe ! Bonbbons Non
98%
Clique sur la bonne orthographe ! Bonbond Non
98%
Clique sur la bonne orthographe ! Bonbont Non
98%
Clique sur la bonne orthographe ! Bonbonx Non
98%
Clique sur la bonne orthographe ! Fraisse Non
98%
Clique sur la bonne orthographe ! Fraisses Non
98%
Clique sur la bonne orthographe ! Fraize Non
98%
Clique sur la bonne orthographe ! Frambboise Non
98%
Clique sur la bonne orthographe ! Framboisses Non
98%
Clique sur la bonne orthographe ! Franboisse Non
98%
Clique sur la bonne orthographe ! Freise Non
98%
Clique sur la bonne orthographe ! Freises Non
98%
Clique sur la bonne orthographe ! Frenboise Non
98%
Clique sur la bonne orthographe ! Frèse Non
98%
Clique sur la bonne orthographe ! Saladde Non
98%
Clique sur la bonne orthographe ! Salade Oui
98%
Clique sur la bonne orthographe ! Sauccise Non
98%
Clique sur la bonne orthographe ! Sauccisses Non
98%
Clique sur la bonne orthographe ! Solode Non
98%
Clique sur la bonne orthographe ! Bombon Non
97%
Clique sur la bonne orthographe ! Bombons Non
97%
Clique sur la bonne orthographe ! Frais Non
97%
Clique sur la bonne orthographe ! Fraise Oui
97%
Clique sur la bonne orthographe ! Frambiose Non
97%
Clique sur la bonne orthographe ! Franboise Non
97%
Clique sur la bonne orthographe ! Saucise Non
97%
Clique sur la bonne orthographe ! Sauccisse Non
96%
Clique sur la bonne orthographe ! Bonbon Oui
93%
Clique sur la bonne orthographe ! Framboise Oui
93%
Clique sur la bonne orthographe ! Saucisse Oui
85%
Clique sur la bonne orthographe ! Salades Non
83%
Clique sur la bonne orthographe ! Fraises Non
82%
Clique sur la bonne orthographe ! Framboises Non
80%
Clique sur la bonne orthographe ! Saucisses Non
80%
Clique sur la bonne orthographe ! Bonbons Non
78%
Aucun quiz correspondant
Distribution des résultats
% des personnes avec chaque résultat
Percentile par nombre de réponses
Votre historique - résultats
Vous n’avez pas pris ce quiz